00545nam a22001457a 4500008004100000020001800041050002200059100001700081245011300098260006700211300004200278650004000320700001800360700002100378171205b xxu||||| |||| 00| 0 eng d a9789966252029 aPJ 7816 .S55 2003 aShihemi, Joy aEntre Copains 1 : ba French course book for secondary schools /cJoy Shihemi, Joy Simekha & James Odhiambo aNairobi : bEast African Educational Publishers Ltd.,c c2003. axiii, 132 p. : bcol. ill. ; c26 cm. aFrench languagevSecondary schools. aSimekha, Joy  aOdhiambo, James.